<?xml version="1.0" encoding="UTF-8"?>
<marc:record xmlns:marc="http://www.loc.gov/MARC21/slim">
   <marc:leader>00000nam a2200000 a 4500</marc:leader>
   <marc:datafield ind1="1" ind2=" " tag="100">
      <marc:subfield code="a">Mühlhans, Hanna</marc:subfield>
      <marc:subfield code="4">aut</marc:subfield>
      <marc:subfield code="e">Verfasser/-in</marc:subfield>
   </marc:datafield>
   <marc:datafield ind1=" " ind2=" " tag="653">
      <marc:subfield code="a">Religionsunterricht</marc:subfield>
   </marc:datafield>
   <marc:datafield ind1=" " ind2=" " tag="653">
      <marc:subfield code="a">Matthäusevangelium</marc:subfield>
   </marc:datafield>
   <marc:datafield ind1=" " ind2=" " tag="653">
      <marc:subfield code="a">Vaterunser</marc:subfield>
   </marc:datafield>
   <marc:datafield ind1=" " ind2=" " tag="653">
      <marc:subfield code="a">Seligpreisungen</marc:subfield>
   </marc:datafield>
   <marc:datafield ind1=" " ind2=" " tag="653">
      <marc:subfield code="a">Antithesen</marc:subfield>
   </marc:datafield>
   <marc:datafield ind1=" " ind2=" " tag="653">
      <marc:subfield code="a">Religionspädagogische Überlegungen</marc:subfield>
   </marc:datafield>
   <marc:datafield ind1="0" ind2="0" tag="245">
      <marc:subfield code="a">Die  Bergpredigt</marc:subfield>
   </marc:datafield>
   <marc:datafield ind1="0" ind2="0" tag="245">
      <marc:subfield code="b">Bibeltheologische und religionspädagogische Überlegungen für den  Religionsunterricht in der Primarstufe</marc:subfield>
   </marc:datafield>
   <marc:datafield ind1="0" ind2="0" tag="245">
      <marc:subfield code="c">Hanna Mühlhans. Mag. Dr. Renate Fink</marc:subfield>
   </marc:datafield>
   <marc:datafield ind1=" " ind2="1" tag="264">
      <marc:subfield code="a">Stams</marc:subfield>
      <marc:subfield code="c">2020</marc:subfield>
   </marc:datafield>
   <marc:datafield ind1="1" ind2=" " tag="490">
      <marc:subfield code="a">Bachelorarbeit II-PDF</marc:subfield>
   </marc:datafield>
   <marc:datafield ind1="1" ind2=" " tag="520">
      <marc:subfield code="a">Abstract&lt;br/&gt;Am Beginn der Arbeit stehen grundsätzliche Überlegungen zum Matthäusevangelium.&lt;br/&gt;Anschließend wird die Bergpredigt, einer der zentralen Texte für Christinnen und Christen&lt;br/&gt;aus dem Matthäusevangelium vorgestellt. Dabei wird der Aufbau der Bergpredigt und&lt;br/&gt;die darin enthaltende Lehre thematisiert. Um die Forschungsfrage „Welche Bedeutung&lt;br/&gt;hat die Bergpredigt im Religionsunterricht in der Primarstufe und welche Möglichkeiten&lt;br/&gt;gibt es, ausgewählte Themen der Bergpredigt mit Kindern zu bearbeiten?" zu beantworten,&lt;br/&gt;wurden die im Lehrplan für den Religionsunterricht in der Primarstufe verankerten&lt;br/&gt;Elemente im Hinblick auf die Praxis näher bedacht.</marc:subfield>
   </marc:datafield>
   <marc:datafield ind1=" " ind2=" " tag="041">
      <marc:subfield code="a">ger</marc:subfield>
   </marc:datafield>
   <marc:datafield ind1=" " ind2=" " tag="300">
      <marc:subfield code="b">PDF</marc:subfield>
   </marc:datafield>
   <marc:datafield ind1=" " ind2=" " tag="542">
      <marc:subfield code="d">Mag. Dr. Renate Fink</marc:subfield>
   </marc:datafield>
   <marc:datafield ind1="1" ind2=" " tag="521">
      <marc:subfield code="a">0</marc:subfield>
   </marc:datafield>
   <marc:datafield ind1=" " ind2=" " tag="300">
      <marc:subfield code="a">27-PDF</marc:subfield>
   </marc:datafield>
</marc:record>
